| 000 | 00771nam a2200229 i 4500 | ||
|---|---|---|---|
| 001 | bg | ||
| 100 | 1 |
_aSCHILLER, Friedrich _d(1759-1805) |
|
| 245 | 1 | 0 |
_aDie Jungfrau von Orleans : _beine romantische Tragödie / _cFriedrich Schiller ; Anm. von Ulrich Karthaus. |
| 260 |
_aStuttgart : _bPhilipp Reclam, _c2002. |
||
| 300 |
_a149 s. ; _c15 cm. |
||
| 490 | 1 |
_aUniversal-Bibliothek ; _vNr 47 |
|
| 650 | 9 |
_aDramat niemiecki _y18-19 w. |
|
| 830 | _aUniversal-Bibliothek ; | ||
| 020 | _a3150000475 | ||
| 040 | _cBPK | ||
| 041 | 0 | _ager | |
| 080 | _a821.112.2-2 | ||
| 920 | _a3-15-000047-5 | ||
| 942 | _cKS | ||
| 008 | s pl f |000 0 pol | ||
| 999 |
_c45947 _d45947 |
||
| 856 |
_uhttp://koha.tu.koszalin.pl/cgi-bin/koha/opac-detail.pl?biblionumber=45947 _yKatalog online BPK |
||